000 01094nam a2200289 a 4500
001 19046
003 BD-RjUL
005 20211209000357.0
008 140223s1967 nyuc 000 0deng d
035 _aBD-RjUL)BD-RjUL
035 _a(OCoLC)230985
040 _aDLC
_cYNG
_dSER
_dEQO
_dBD-RjUL
_beng
041 _aeng
082 0 4 _a928.2
_bHEN 1967 V-2
245 1 0 _aHenry Crabb Robinson on books and their writers /
_cedited by Edith J. Morley.
_nVolume 2
260 _aLondon :
_bJ.M. Dent and Sons, limited,
_c[1938]
300 _a453-820p. :
_bfronts. (ports.) ;
_c23 cm.
500 _a"These volumes contain in chronological order, the references to contemporary English books and their writers in Crabb Robinson's diary, travel journals and reminiscences."--Pref.
650 0 _aAuthors, English.
_958699
650 0 _aAuthors
_vCorrespondence.
_954193
651 0 _aGreat Britain
_xIntellectual life.
_958700
700 1 _aMorley, Edith J.
_q(Edith Julia),
_d1875-1964.
_956196
740 0 _aOn books and their writers
942 _2ddc
_cBK
999 _c19046
_d19046